000 00349nam a22001457a 4500
003 SGT
082 _a612.015
_bS20Y
100 _aYADAV, DEEPTI
245 _aSTUDY OF OXIDANT AND ANTIOXIDANT STATUS IN PSORIATIC PATIENTS
260 _aGURUGRAM
_bSGT UNIVERSITY
_c2020
300 _a59
650 _aBIOCHEMISTRY
653 _aM.Sc
942 _2ddc
_cTH
999 _c26632
_d26632